000 01521nam a2200337 a 4500
999 _c488656
_d488656
003 BLK
005 20250621142004.0
008 180407b bul|||||r ||||||| ||bul||
010 _aKNG00030744000
020 _a9786191645039
040 _aBLK
041 _aBUL
_cBUL
080 _aОблекло. Носия. Мода. Накит. Вж и 613.4 ; 646 ; 687
_b391
_x(44)(092)
_z391(44)(092)
080 _aГабриел Боньор „Коко“ Шанел. Известна френска модна дизайнерка
_b929 Шанел, Коко
_z929 Шанел, Коко
100 _aПикарди, Джъстин
_eпърви автор
_91299
139 _aПикарди, Джъстин
_bШ 23
245 1 0 _aКоко Шанел
_bЖивотът на една легенда
_cДжъстин Пикарди; прев. от англ. Цветана Генчева.
257 _aBGR
260 _aСофия
_bEnthusiast
_c2022
_9215899
_n978-619-164- ; 978-954-2958- ; 978-954-8657-
300 _a399 с.
_bс портр., ил.
_c23 см
380 _a3
500 _aОриг. загл. Coco Chanel: The Legend and the Life / Justine Picardie. - Коко Шанел - псевд. на Габриел Шанел
650 4 _aМода
_9162556
653 _aмода
653 _aКоко Шанел
653 _aбиографии
856 4 _qpdf
_i0.00
_ldisable
856 4 _qpdf
_i0.00
_ldisable
942 _cKNG
_n0
_s1
_010
944 _c2023-02-20
_k30534
_lРадостина Карадакова